Trouvez ces joueurs NBA grâce a ces anagrammes - Statistiques

Statistiques générales
  • Ce quiz a été pris 1 081 fois
  • Le résultat moyen est 9 sur 15
Statistiques - réponses
Anagramme Reponse % Correct
g-b-r-o-e-t Gobert (Rudy)
97%
e-s-a-j-m James (LeBron)
95%
c-o-k-i-j Jokic (Nikola)
91%
r-y-u-c-r Curry (Stephen)
83%
c-n-o-d-c-i Doncic (Luka)
81%
m-k-z-u-a Kuzma (Kyle)
79%
l-o-a-r-n-e-d Leonard (Kawhi)
65%
s-a-m-d-a Adams (Steven)
60%
k-w-e-t-o-s-o-r-b Westbrook (Russell)
57%
g-i-n-i-r-v Irving (Kyrie)
52%
l-b-l-a Ball (LaMelo or Lonzo)
50%
t-a-n-u-d-r Durant (Kevin)
46%
a-h-y-o-n-t-n Anthony (Carmelo)
43%
r-o-m-t-a-n Morant (Ja)
26%
r-o-f-u-i-r-e-n Fournier (Evan)
24%
Aucun quiz correspondant
Distribution des résultats
% des personnes avec chaque résultat
Percentile par nombre de réponses
Votre historique - résultats
Vous n’avez pas pris ce quiz